| 000 | 01008cam a22003017a 4500 | ||
|---|---|---|---|
| 003 | CHAP | ||
| 005 | 20220329135515.0 | ||
| 008 | 971013s1965 r 00010 d | ||
| 010 | _a37738 | ||
| 011 | _a38710 | ||
| 035 | _a42830 | ||
| 040 | _cCHAP | ||
| 082 |
_a633.62 _bM5 |
||
| 100 | 0 | 0 |
_aMiele, Angelo. _975574 |
| 245 | 0 |
_aThoery of optimum aerodynamic shapes _b: external problems in the aerodynamics of supersonic, hypersonic, and free-molecualr flows |
|
| 260 |
_aNew York : _bAcademic Press, _c1965 |
||
| 300 | _a455 p | ||
| 490 | 0 |
_aApplied mathematics and mechanics _v; 9 |
|
| 590 |
_aBATCH-UPD _b10 _c20130110 _lUCH01 _h2115 |
||
| 590 |
_aBATCH-UPD _b10 _c20130410 _lUCH01 _h1426 |
||
| 590 |
_aBATCH-UPD _b10 _c20130913 _lUCH01 _h1940 |
||
| 590 |
_aCONVERSION _b10 _c20130109 _lUCH01 _h1321 |
||
| 650 | 1 | 4 |
_aAerodinámica. _91012 |
| 830 | 0 |
_aApplied mathematics and mechanics _v; 9 _96363 |
|
| 901 | _aBK | ||
| 942 | _cLIBRO | ||
| 949 |
_a533.62 M5 _bBC _cLIBRO _d33724000399275 _eLIBRO _h17644 _i42830 _si |
||
| 999 |
_c37738 _d37738 |
||